Káva nemusí byť všetko

Etiópia ako šiesty najväčší svetový dodávateľ kávy. Hlavné problémy Etiópie - slabá vzdelanosť, zdravotníctvo, hygiena a málo pracovných príležitostí. Pestovanie a cena kávy. Pomoc nadácie Integra pôsobiacej na Slovensku. Mikropôžičky pre malých podnikateľov.

Saved in:
Bibliographic Details
Main Author: Kremský, Peter
Format: Book Chapter
Language:Slovak
Subjects:
Tags: Add Tag
No Tags, Be the first to tag this record!

MARC

LEADER 00000naa a2200000 4500
001 0135173
005 20231113071007.3
041 0 |a slo 
044 |a SK 
245 1 0 |a Káva nemusí byť všetko  |c Peter Kremský 
520 |a Etiópia ako šiesty najväčší svetový dodávateľ kávy. Hlavné problémy Etiópie - slabá vzdelanosť, zdravotníctvo, hygiena a málo pracovných príležitostí. Pestovanie a cena kávy. Pomoc nadácie Integra pôsobiacej na Slovensku. Mikropôžičky pre malých podnikateľov. 
610 2 0 |a káva 
610 2 0 |a plodiny poľné 
610 2 0 |a chudoba 
610 2 0 |a vzdelanie 
610 2 0 |a zdravotníctvo 
610 2 0 |a financie 
610 2 0 |a pôžičky 
610 2 0 |a Etiópia 
100 1 |a Kremský, Peter